Responsabilidad civil del empresario por accidentes del trabajo y otras enfermedades profesionales. Tendencias actuales
Zapisane w:
| 1. autor: | |
|---|---|
| Kolejni autorzy: | |
| Format: | Książka |
| Język: | hiszpański |
| Wydane: |
Santiago, Chile:
Facultad de Derecho, Universidad de los Andes;
2011.
|
| Seria: | Cuadernos de Extensión Jurídica,
20. |
| Hasła przedmiotowe: | |
| Dostęp online: | Disponible Online |
| Etykiety: |
Dodaj etykietę
Nie ma etykietki, Dołącz pierwszą etykiete!
|
MARC
| LEADER | 00000nam a2200000 a 4500 | ||
|---|---|---|---|
| 001 | UCG5657 | ||
| 003 | CL-VaPUC | ||
| 005 | 20250508113703.0 | ||
| 008 | 110310e20110000CL |||||||||||||||||spa|d | ||
| 999 | |c 344060 |d 344058 | ||
| 020 | |a 9789567160624 | ||
| 040 | |c Pontificia Universidad Católica de Valparaíso | ||
| 082 | 0 | 4 | |a 344.83022 ROD 2011 |2 21 |
| 100 | |a Rodríguez Pinto María Sara |e autora |9 222302 | ||
| 245 | 1 | 0 | |a Responsabilidad civil del empresario por accidentes del trabajo y otras enfermedades profesionales. Tendencias actuales |
| 260 | 0 | 3 | |a Santiago, Chile: |b Facultad de Derecho, |b Universidad de los Andes; |c 2011. |
| 300 | |a 193 páginas | ||
| 490 | 0 | |a Cuadernos de Extensión Jurídica, |v 20. | |
| 500 | |a c.3 Donación. Memo DER N° 046. 28-12-2024. | ||
| 505 | |a LOS ACCIDENTES DEL TRABAJO. HISTORIA Y VISIÓN GENERAL DE SU RÉGIMEN ACTUAL / RAMÓN DOMÍNGUE ÁGUILA LA RESPONSABILIDAD DEL EMPLEADOR POR ENFERMEDADES PROFESIONALES DE SUS TRABAJADORES. ENFOQUE JURISPRUDENCIAL / ALFREDO SIERRA HERRERO CONCURRENCIA DE ACCIONES DE RESPONSABILIDAD CIVIL CONTRACTUAL Y EXTRACONTRACTUAL EN LOS DAÑOS CAUSADOS POR ACCIDENTES DEL TRABAJO / HERNÁN CORRAL TALCIANI LAS TENDENCIAS EN DAÑO MORAL POR MUERTE O LESIÓN CORPORAL DE UN TRABAJADOR EN LA JURISPRUDENCIA CIVIL Y LABORAL / MARÍA SARA RODRÍGUEZ PRIETO EL LUCRO CESANTE POR MUERTE O INCAPACIDAD DEL TRABAJADOR EN LA JURISPRUDENCIA: ASPECTOS RELEVANTES / BRUNO CAPRILE BIERMANN LA CULPA DE LA VÍCTIMA EN LOS ACCIDENTES DEL TRABAJO: DOGMÁTICA Y JURISPRUDENCIA CHILENAS / JORGE BARAONA GONZÁLEZ EL SEGURO DE RESPONSABILIDAD CIVIL DEL EMPRESARIO POR LOS DAÑOS OCURRIDOS A SUS TRABAJADORES A CAUSA DE UN ACCIDENTE DEL TRABAJO: LA CLÁUSULA DE RESPONSABILIDAD CIVIL PATRONAL / MARECELO NASSER OLEA | ||
| 583 | |a last modification |c 20190729 11:50:18 |k Rodrigo Vera | ||
| 650 | 0 | |a Accidentes de trabajo |9 254901 |v Responsabilidad civil |z Chile | |
| 650 | 0 | |a Derecho de los trabajadores |9 465478 |x Enfermedades profesionales |z Chile | |
| 650 | 0 | |a Derecho laboral |9 15 |x Seguros de salud |z Chile | |
| 700 | |a Barrientos Camus, Francisca |e editora |9 605724 | ||
| 856 | |u https://www.uandes.cl/wp-content/uploads/2019/03/Cuaderno-de-Extension-Juridica-N%C2%B0-20.pdf |y Disponible Online | ||
| 942 | |c BK |2 ddc | ||
| 945 | |d 20110310 00:00:00 |a jcampos | ||
| 952 | |0 0 |1 0 |2 ddc |4 0 |6 344_830220000000000_ROD_2011 |7 0 |8 A |9 441828 |a BIBDER |b BIBDER |d 2019-11-22 |i 4754662 |o 344.83022 ROD 2011 |p 4754662 |r 2023-01-25 |t 1 |w 2019-11-22 |y BK |k DER | ||
| 952 | |0 0 |1 0 |2 ddc |4 0 |6 344_830220000000000_ROD_2011 |7 0 |8 A |9 441829 |a BIBDER |b BIBDER |d 2019-11-22 |i 4760522 |o 344.83022 ROD 2011 |p 4760522 |r 2023-01-25 |t 2 |w 2019-11-22 |y BK |k DER | ||
| 952 | |0 0 |1 0 |2 ddc |4 0 |6 344_830220000000000_ROD_2011 |7 0 |8 A |9 598414 |a BIBDER |b BIBDER |d 2024-12-03 |e Donación |i 5663495 |o 344.83022 ROD 2011 |p 5663495 |r 2024-12-03 |t 3 |w 2024-12-03 |y BK |k DER | ||